ՄԱՅՐ ԱԹՈՌ ՍՈՒՐԲ ԷՋՄԻԱԾԻՆ

«ՎԱՉԵ ԵՎ ԹԱՄԱՐ ՄԱՆՈՒԿՅԱՆ» ՄԱՏԵՆԱԴԱՐԱՆ

Biblical Hebrew. (Record no. 72187)

MARC details
000 -LEADER
fixed length control field 00725nam a22002417a 4500
003 - CONTROL NUMBER IDENTIFIER
control field SEM
005 - DATE AND TIME OF LATEST TRANSACTION
control field 20220608074945.0
008 - FIXED-LENGTH DATA ELEMENTS--GENERAL INFORMATION
fixed length control field 220202s1989 us ||||gr|||||001 0 eng|d
020 ## - INTERNATIONAL STANDARD BOOK NUMBER
International Standard Book Number 0300043945
040 ## - CATALOGING SOURCE
Original cataloging agency SEM
Transcribing agency SEM
041 ## - LANGUAGE CODE
Language code of text/sound track or separate title eng
080 ## - UNIVERSAL DECIMAL CLASSIFICATION NUMBER
Universal Decimal Classification number 809.245/K-50
100 ## - MAIN ENTRY--PERSONAL NAME
Personal name Kittel Bonnie Pedrotti, Hoffer Vicki, Wright Rebecca Abts
245 ## - TITLE STATEMENT
Title Biblical Hebrew.
Remainder of title A text and workbook /
Statement of responsibility, etc. B. P. Kittel, V. Hoffer , R. A. Wright
260 ## - PUBLICATION, DISTRIBUTION, ETC.
Place of publication, distribution, etc. New Haven :
Name of publisher, distributor, etc. Yale university press,
Date of publication, distribution, etc. 1989.
300 ## - PHYSICAL DESCRIPTION
Extent XXIII+429 p. ;
Other physical details 28 cm
490 ## - SERIES STATEMENT
Series statement Yale language series
504 ## - BIBLIOGRAPHY, ETC. NOTE
Bibliography, etc. note Vocabulary p.: 410-425; Index p.: 426-429
650 ## - SUBJECT ADDED ENTRY--TOPICAL TERM
Topical term or geographic name entry element Hebrew
653 ## - INDEX TERM--UNCONTROLLED
Uncontrolled term ՍԷՄ
830 ## - SERIES ADDED ENTRY--UNIFORM TITLE
Uniform title Yale language series
942 ## - ADDED ENTRY ELEMENTS (KOHA)
Source of classification or shelving scheme Universal Decimal Classification
Koha item type Գրքեր/Books
Holdings
Withdrawn status Lost status Source of classification or shelving scheme Damaged status Not for loan Collection code Home library Current library Date acquired Inventory number Total Checkouts Full call number Barcode Date last seen Price effective from Koha item type Public note
    Universal Decimal Classification     Գրապահոց Մայր Աթոռ Սուրբ Էջմիածին «Վաչե և Թամար Մանուկյան» Մատենադարան Մայր Աթոռ Սուրբ Էջմիածին «Վաչե և Թամար Մանուկյան» Մատենադարան 02/02/2022 E-5464   809.245/K-50 E-5464 02/02/2022 02/02/2022 Գրքեր/Books Սպասարկվում է ընթերցասրահ